明電舎技術史 : パワートロニクスへの軌跡 創立75周年記念
Uloženo v:
| Korporativní autor: | |
|---|---|
| Médium: | Kniha |
| Jazyk: | Undetermined |
| Vydáno: |
東京
明電舎
1972
|
| Témata: | |
| Tagy: |
Přidat tag
Žádné tagy, Buďte první, kdo otaguje tento záznam!
|
| Thư viện lưu trữ: | Trung tâm Học liệu Trường Đại học Cần Thơ |
|---|
| LEADER | 00583nam a2200205Ia 4500 | ||
|---|---|---|---|
| 001 | CTU_93258 | ||
| 008 | 210402s9999 xx 000 0 und d | ||
| 082 | |a 338.8 | ||
| 082 | |b M499 | ||
| 110 | |a 明電舎時報編集委員会 | ||
| 245 | 0 | |a 明電舎技術史 : パワートロニクスへの軌跡 | |
| 245 | 0 | |b 創立75周年記念 | |
| 245 | 0 | |c 明電舎時報編集委員会 | |
| 260 | |a 東京 | ||
| 260 | |b 明電舎 | ||
| 260 | |c 1972 | ||
| 650 | |a Corporations | ||
| 650 | |z Japan | ||
| 904 | |i Ngoc,Hải | ||
| 980 | |a Trung tâm Học liệu Trường Đại học Cần Thơ | ||